| 000 | 00582nam a2200193Ia 4500 | ||
|---|---|---|---|
| 999 |
_c8123 _d8123 |
||
| 003 | OSt | ||
| 005 | 20200106141439.0 | ||
| 008 | 190216s9999||||xx |||||||||||||| ||und|| | ||
| 020 | _a9789352025954 | ||
| 040 | _coclc | ||
| 082 |
_a332.6 _bSIN/I |
||
| 100 |
_aSingh, Preeti _91066 |
||
| 245 | 0 |
_aInvestment Management : _bSecurity Analysis And Portfolio Management / _cPreeti Singh |
|
| 250 | _a19th ed. | ||
| 260 |
_bHimalaya Publishing House, _aNew Delhi: _c2015. |
||
| 300 | _a431p | ||
| 650 | _xInvestments | ||
| 942 |
_cBK _2ddc _h332.6 _iSIN/I _k332.6 _mSIN/I |
||